| 000 | 00463nam a22001337a 4500 | ||
|---|---|---|---|
| 003 | SGT | ||
| 082 |
_a617.522 _bC25S |
||
| 100 | _aSangma, Alaida | ||
| 245 | _aComparative Split mouth study of post-operative sequelae after mandibular third molar surgery with extra-oral kinesiologic tape and elastic adhesive bandage application | ||
| 260 |
_aGurugram, Haryana _bSGT University _c2025 |
||
| 300 | _a101 | ||
| 650 | _aOral & maxillofacial Surgery | ||
| 942 |
_2ddc _cTH |
||
| 999 |
_c32103 _d32103 |
||